Běh zvyšuje produktivitu zaměstnanců a stáva se vyhledávaným benefitem

Pozitívne účinky športu a behu predovšetkým na zdravotnú a psychickú kondíciu. Beh ako zamestnanecká výhoda.

Enregistré dans:
Détails bibliographiques
Auteur principal: Jiřík, Miroslav
Format: Chapitre de livre
Langue:tchèque
Sujets:
Tags: Ajouter un tag
Pas de tags, Soyez le premier à ajouter un tag!

MARC

LEADER 00000naa a2200000 4500
001 0167486
005 20231113133437.5
041 0 |a cze 
044 |a CZ 
245 1 0 |a Běh zvyšuje produktivitu zaměstnanců a stáva se vyhledávaným benefitem  |c Miroslav Jiřík 
520 |a Pozitívne účinky športu a behu predovšetkým na zdravotnú a psychickú kondíciu. Beh ako zamestnanecká výhoda. 
610 2 0 |a šport 
610 2 0 |a zdravie 
610 2 0 |a starostlivosť o zdravie 
610 2 0 |a výkony pracovné 
610 2 0 |a spôsobilosť k práci 
100 1 |a Jiřík, Miroslav